02472cam a22004457a 4500999001700000005001700017008004100034017003000075020001800105040002300123082002900146245009000175260006000265300002900325500020300354500020200557500003600759504004100795600005700836600001800893610004000911650007100951650004201022650002601064650002001090651002401110651002501134700001901159700001901178710002701197710005301224942001201277505005801289776015801347776015801505856010601663856009101769906004501860952012101905 c64268d6426820240530110723.0110309s2010 ua a f b 100 0 eng d bمصر. دار الكتب a9789774163111 aEG-CaGPLcEG-CaGPL04221a255.009623 /bCC/G C00aChristianity and monasticism in upper Egypt /cedited by Gawdat Gabra, Hany N. Takla. a :CairobThe American University in Cairo Press,c2010. a343p. :bill. ;c24 cm. aVolume 1: "Brings together the proceedings of the third international symposium of the St. Mark Foundation for Coptic History Studies and the St. Shenouda the Archimandrite Coptic Society."--P. xix. aVolume 2: "Contains twenty-five essays from the fourth international symposium of the St. Mark Foundation for Coptic History Studies and the St. Shenouda the Archimandrite Coptic Society."--P. xix. a"A Saint Mark Foundation book." aIncludes bibliographical references.00aShenute,cSaint,dapproximately 348-466vCongresses.17aSchenute2swd20aCoptic ChurchxHistoryvCongresses. 0aCoptic monasticism and religious orderszEgyptvCongresses.2qrmak 0aCoptic artzEgyptvCongresses.2qrmak07aKoptische Kirche2swd07aMönchtum2swd07aSohag (Region)2swd07aAchmim (Region)2swd1 aGabra, Gawdat.1 aTakla, Hany N.2 aSaint Mark Foundation.2 aSaint Shenouda the Archimandrite Coptic Society. 2ddccBK0 av. 1. Akhmim and Sohag -- v. 2. Nag Hammadi - Esna --08iOnline version:tChristianity and monasticism in upper Egypt.dCairo, Egypt ; New York, NY : American University in Cairo Press, c2008-w(OCoLC)60775706208iOnline version:tChristianity and monasticism in upper Egypt.dCairo, Egypt ; New York, NY : American University in Cairo Press, c2008-w(OCoLC)608888827423Contributor biographical informationuhttp://www.loc.gov/catdir/enhancements/fy1108/2010537711-b.html423Publisher descriptionuhttp://www.loc.gov/catdir/enhancements/fy1506/2010537711-d.html a7bcbcccopycatd2encipf20gy-gencatlg 00104070aCAIbCAIcCAIRO-LIBRARYd2018-04-04l0o255.009623 / CC/G Cp164428r2018-04-04 00:00:00w2018-04-04yBK